Chromatic beauty in the late medieval chanson : an interpretation of manuscript accidentals /

Bibliographic Details
Main Author: Brothers, Thomas David
Format: Book
Language:English
Published: Cambridge ; New York : Cambridge University Press, 1997.
Subjects:

MARC

Tag First Indicator Second Indicator Subfields
LEADER 00000cam a2200000 a 4500
001 in00001404029
005 20151020054306.0
008 961121s1997 nyug b 001 0 eng
010 |a  96050936  
020 |a 0521550513 
035 |a (OCoLC)36008585 
035 |9 AHN1020AM 
040 |a DLC  |c DLC  |d TXA  |d UtOrBLW 
049 |a TXAM 
050 0 0 |a ML2502  |b .B76 1997 
082 0 0 |a 782.4/3  |2 21 
100 1 |a Brothers, Thomas David. 
245 1 0 |a Chromatic beauty in the late medieval chanson :  |b an interpretation of manuscript accidentals /  |c Thomas Brothers. 
264 1 |a Cambridge ;  |a New York :  |b Cambridge University Press,  |c 1997. 
300 |a xiii, 226 pages :  |b music ;  |c 26 cm. 
336 |a text  |b txt  |2 rdacontent 
337 |a unmediated  |b n  |2 rdamedia 
338 |a volume  |b nc  |2 rdacarrier 
504 |a Includes bibliographical references and index. 
650 0 |a Polyphonic chansons  |y 15th century  |x History and criticism. 
650 0 |a Musica ficta. 
650 0 |a Monophonic chansons  |y 500-1400  |x History and criticism. 
650 0 |a Polyphonic chansons  |y 500-1400  |x History and criticism. 
999 |a MARS 
999 f f |s 4f856c3b-7380-3844-8234-bc681f153828  |i 3e6b6ca8-7c9c-3792-b631-722a35d6da9c  |t 0 
952 f f |p ric  |a Texas A&M University  |b Rellis Campus  |c Joint Library Facility  |d Remote Storage  |t 0  |e ML2502 .B76 1997  |h Library of Congress classification  |i unmediated -- volume  |m A14822069831 
998 f f |a ML2502 .B76 1997  |t 0  |l Remote Storage